All Ghost of Tsushima Armor - Statistics

General Stats
  • This quiz has been taken 99 times
  • The average score is 6 of 15
Answer Stats
Answer % Correct
Ghost Armor
86%
Sakai Clan Armor
74%
Ronin Attire
68%
Broken Armor
60%
Samurai Clan Armor
55%
Gosaku's Armor
49%
Kensei Armor
41%
Traveler's Attire
41%
Sarugami Armor
35%
Tadayori's Armor
32%
Hero of Tsushima Armor
31%
Fundoshi
29%
Mongol Commander's Armor
21%
Deadly Rival's Attire
13%
Archery Master's Attire
12%
No matching quizzes found
Score Distribution
Percent of People with Each Score
Percentile by Number Answered
Your Score History
You have not taken this quiz